000 nam a22 7a 4500
999 _c7733
_d7733
008 171005b xxu||||| |||| 00| 0 eng d
100 _94215
_aTrivedi.etal
245 _aMathematics-XI
260 _aNew Delhi
_bJPH
_c2008